| 000 | 00887nam a22002537a 4500 | ||
|---|---|---|---|
| 008 | 130821s2005 xxua gr eng | ||
| 020 | _a908594001X | ||
| 040 |
_aCo-BoUCM _bspa |
||
| 041 | 0 | 0 | _aeng |
| 100 | 1 |
_aSalingaros, Nikos A. _9172070 |
|
| 245 | 0 | 0 | _aPrinciples of urban structure /cNikos A. Salingaros |
| 260 |
_aNueva York (Estados Unidos) _bDelft University of Technology _c2005 |
||
| 300 |
_a252 páginas _bilustraciones |
||
| 504 | _aIncluye referencias bibliográficas. | ||
| 650 | 0 | 4 |
_aCiudades y pueblos _910961 |
| 650 | 0 | 4 |
_aEcología humana _913643 |
| 650 | 0 | 4 |
_aEstructura social _915153 |
| 650 | 0 | 4 |
_aSociología urbana _924816 |
| 650 | 0 | 4 |
_aSociología _9386 |
| 650 | 0 | 4 |
_aUrbanismo _925989 |
| 710 |
_aDelft University of Technology. _bFaculty of Architecture _9172071 |
||
| 942 |
_cLIBRO _a5 _e1 _mS165p _2DEWEY _h307.76 |
||
| 999 |
_c93089 _d93089 |
||